[Event "FIDE Grand Prix Tashkent 2014-15"]
[Site "Toshkent"]
[Date "2014.11.02"]
[Round "11"]
[White "Jobava, Baadur"]
[Black "Mamedyarov, Shakhriyar"]
[Result "1/2-1/2"]
[WhiteElo "2717"]
[BlackElo "2764"]
[EventDate "2014.??.??"]
[Annotator "Bojkov,Dejan"]
[PlyCount "74"]
[Beauty "6258862087258"]
[EventCountry "UZB"]

{[Annotations by GM Dejan Bojkov.] For the first and last time in this tournament we are going to break the tradition and analyze a draw game instead of a decisive one.} 
1.d4 Nf6 2.c4 c5 3.d5 e6 4.Nc3 exd5 5.cxd5 d6 {In the decisive round Mamedyarov pays a tribute to his great compatriot Vugar Gashimov. The Benoni took key part in Vugar's opening repertoire and it is quite likely the two Azeri super-GMs have studied the opening together.} ( {Still, the choice of the opening should have been a surprise for Baadur, as I have found only one game in the database - where Shakhriyar chose the Snake Benoni} 5...Bd6 ) 6.e4 ( {Rather surprisingly, the Benoni is also a rare guest in Jobava's games. He had tried here the rare lines after} 6.Nf3 g6 7.Bg5 ( {and also} 7.Qa4+ ) ) 6...g6 7.Nf3 Bg7 8.h3 {This time the sharp modern line was chosen by Jobava.} 8...O-O 9.Bd3 b5 10.Nxb5 Nxe4 $5 {Many sources consider this option tempting, but inferior. This evaluation might be reconsidered after the game.} ( {Vugar Gashimov preferred instead the main line} 10...Re8 11.O-O Nxe4 12.Re1 a6 13.Na3 Nf6 14.Rxe8+ Nxe8 {Karjakin,S (2721)-Gashimov,V (2730) Baku 2009} ) 11.Bxe4 Re8 12.Ng5 Qa5+ 13.Nc3 Ba6 {Black sacrificed a whole piece but managed to keep the opponent's king in the center. The white pieces are rather lose as well and various threats, like the simple pawn pushes h7-h6 and f7-f5 are in the air.} 14.Bd2 Nd7 $1 {Development above all!} ( {Bad are} 14...h6 15.Ne6 $1 fxe6 16.dxe6 Rxe6 17.Qg4 ) ( {and} 14...f5 15.Ne6 fxe4 16.Nxe4 ) 15.Qc2 Rab8 $1 {Once again Shakh neglects material in favor of pure energy.} ( {A tempting alternative is} 15...Ne5 16.O-O-O f5 17.f4 Nc4 18.Bd3 Nxb2 $1 19.Kxb2 {in conjunction with the computer blow} 19...Re3 {The key idea of the line is} ( {Instead} 19...Bxd3 20.Qxd3 {left Black with no counterplay in Murali Krishnan,B (2412)-Turov, M (2624) Mumbai 2010} ) 20.Bxe3 Rb8+ 21.Kc1 Qa3+ 22.Kd2 Rb2 ) ( {Once again regaining the piece seems insufficient:} 15...f5 16.Ne6 fxe4 17.Nxe4 Qb6 18.Bc3 Bh6 19.Bd2 Ne5 20.Bxh6 Qb4+ 21.Bd2 {1-0 (21) Ulibin,M (2523)-Munoz Pantoja,M (2459) Montcada 2013} ) 16.O-O-O Ne5 {This whole line was mentioned in a recent book on the Benoni by GM Petrov. The evaluation is a clear plus for White on the account of the game below.} 17.Rhe1 {The most natural move is a novelty. "I understood that Shakhriyar is very well prepared and decided to play safe."- Jobava} ( {The only predecessor saw} 17.Na4 Qd8 18.Rde1 f5 19.f4 fxe4 20.fxe5 Bd3 21.Qd1 Bxe5 {and even though White managed to win later it is quite obvious that Black has at least clear compensation for the piece, Bern,I (2590)-Olafsson,H (2545) Sweden 1994} ) 17...Rec8 $1 {The idea is to meet the threat Nc3-a4 with the next move.} ( {The main problem for Black now is that he cannot play actively with the knight} 17...Nc4 18.Bd3 Rxe1 19.Rxe1 Rxb2 20.Re8+ Bf8 21.Qxb2 ( 21.Qa4 $1 {looks also very strong.} ) 21...Nxb2 22.Bxa6 {and the players agreed that White has too much material for the queen.} ) 18.Na4 Rb4 $1 {"I was chocked when you played this as I thought I was winning," said Baadur to his opponent at the press conference. "Yes, but after..."} 19.f4 {"The only move" - Shakh.} 19...Nc4 20.Bf5 $1 {..."I remembered something- my analysis", said Shakh. "Now White is either winning, or losing."} ( {One of the lines where White is losing arises after the natural capture} 20.Bxb4 $2 cxb4 21.Bd3 b3 $1 22.axb3 Bxb2+ $1 23.Nxb2 Qa1+ 24.Qb1 Na3+ ) 20...Rcb8 {This time this is an only move for Black.} ( {Bad is} 20...gxf5 21.Qxf5 Qxa4 22.Qxf7+ Kh8 23.Bc3 {as it is White who is mating.} ) ( {And also} 20...Nxd2 21.Bxc8 {wins simply for White.} ) 21.Bxb4 Qxb4 22.a3 ( 22.Qb3 $5 gxf5 ( 22...Bb5 23.Qxb4 cxb4 24.Bc2 ) 23.Qxb4 ( 23.Re7 Bb5 24.Nc3 Nxb2 25.Qxb4 cxb4 26.Nxb5 Nxd1 27.Nxd6 Bf8 28.Rxa7 Bxd6 29.Kxd1 Bxf4 30.Nxf7 ) 23...cxb4 {followed by Ba6-b5. "I did not like this as the bishop on g7 is very strong"- Jobava.} 24.Re7 Bb5 25.Rxa7 Bxa4 26.Rxa4 Nxb2 27.Ra6 ( 27.Ra7 ) ) 22...Nxa3 $1 {Missed by Jobava.} ( {White was hoping for} 22...Qa5 {although it seems as the players were seeing ghosts in the post mortem:} 23.Bd3 $2 ( {Probably White should go for the wild complications after} 23.b3 Nxa3 24.Qd2 Qb5 25.Qe3 gxf5 26.Nxf7 Qxa4 $5 27.Nh6+ ( 27.bxa4 Rb1+ 28.Kd2 Rb2+ 29.Kc1 Rc2# ) 27...Bxh6 28.Qg3+ Kf7 29.Re7+ Kxe7 30.Qh4+ Kd7 31.bxa4 {when nothing is clear as usual in this game.} ) 23...Nxb2 24.Nxb2 Qxa3 ( {None of them mentioned the simple move} 24...Bxb2+ {after which it is Black who is winning:} 25.Qxb2 Rxb2 26.Kxb2 Bxd3 27.Re8+ {or else the rook on e1 is hanging} 27...Kg7 28.Rxd3 Qb5+ $1 ) 25.Bxa6 Bc3 26.Rd3 {and even in this line White is not winning, say} 26...Qa1+ 27.Qb1 Bxb2+ 28.Kc2 Qa4+ 29.Kd2 Bc3+ 30.Kxc3 Rxb1 31.Rxb1 Qxa6 {and the active queen is capable of miracles when the opponent's king is not safe.} ) 23.bxa3 Qxa3+ ( {Better than} 23...Qxf4+ 24.Rd2 ( 24.Qd2 $2 Qxa4 ) 24...Qxg5 25.Bd3 c4 26.Bxc4 Rc8 ( 26...Qg3 $5 {is still unclear!} ) 27.Bxa6 Rxc2+ 28.Kxc2 {with the idea} 28...Qh4 $2 29.Re8+ ) 24.Kd2 Qg3 $1 {"Once that I found this move I thought it is great for me. I have no rook, no knight, but that is OK!" - Mamedyarov.} 25.Rb1 $1 {Baadur trades the active black rook and saves the game.} ( 25.Re4 gxf5 ) 25...Qxf4+ 26.Kd1 Rxb1+ 27.Qxb1 Qd4+ 28.Kc1 Qf4+ 29.Kd1 gxf5 {Shakh tries his last chance for a win.} ( {The Azeri GM did not like the endgame after} 29...Qxa4+ 30.Qc2 Qd4+ 31.Qd2 Qxd2+ $6 ( {Here too Black can force a draw if he likes} 31...Qa1+ 32.Qc1 Qd4+ ) 32.Kxd2 gxf5 33.Re8+ Bf8 34.Nxh7 ) 30.Re8+ Bf8 31.Nxc5 $1 {Once more a very precise decision.} ( {The position remains equal after} 31.Rxf8+ Kxf8 32.Ne6+ fxe6 33.Qb8+ Kg7 34.Qxa7+ Kf6 35.Qxa6 Qd4+ 36.Ke1 Qxd5 37.Nc3 {but it is definitely much easier to play here as Black!} ) 31...Qd4+ 32.Kc1 Qxc5+ 33.Qc2 Qg1+ 34.Qd1 Qc5+ 35.Qc2 Qg1+ 36.Qd1 Qxg2 {The last try.} 37.Qh5 ( 37.Nxh7 Kxh7 38.Rxf8 Qxh3 39.Rxf7+ Kg6 {would be once more easier to play as Black, albeit drawish.} ) 37...Qg1+ {Due to the mating threats Black is forced to give the perpetual. One of those draws we would be happy to see more often!} 1/2-1/2

[Event "World Youth U-16 Chess Olympiad 2014"]
[Site "Gyor"]
[Date "2014.12.14"]
[Round "2.1"]
[White "Karthikeyan, Murali"]
[Black "Nikitenko, Mihail"]
[Result "1-0"]
[WhiteElo "2497"]
[BlackElo "2379"]
[EventDate "2014.12.13"]
[Annotator "Bojkov,Dejan"]
[PlyCount "55"]
[Beauty "8251705935434"]
[EventRounds "10"]
[EventCountry "HUN"]
[WhiteTeam "India"]
[BlackTeam "Belarus"]
[WhiteTeamCountry "IND"]
[BlackTeamCountry "BLR"]

{[Annotations by GM Dejan Bojkov] For Murali Karthekeyan Gyor will remain a special place in his memory. Thanks to his strong and consistent play he managed to overstep the 2500+ rating mark and became India's next grandmaster!} 
1.e4 c5 2.Nf3 d6 3.d4 cxd4 4.Nxd4 Nf6 5.Nc3 a6 6.a4 e6 7.Be2 b6 {A risky line in the Scheveningen is chosen by Nikitenko. Black wants to complete the development on the queenside first which is a very common idea in the Sicilian, but this delays the development.} ( 7...Be7 {remains the most reliable option for Black.} ) 8.Bf3 {Already creating the threat e4-e5.} 8...Nfd7 ( {Black usually tries to solve the problem of the long diagonal by removing the rook} 8...Ra7 {Still, White can try to make use of the rook maneuvers, for example} 9.Be3 Rc7 10.a5 b5 11.O-O Be7 12.Ndxb5 $5 axb5 13.Nxb5 Ba6 14.Nxc7+ Qxc7 15.Re1 {Petrik,T (2512)-Bokros,A (2439) Banska Stiavnica 2013} ) 9.O-O ( {The immediate} 9.e5 {is less accurate as after} 9...d5 {the pawn on e5 hangs.} ) 9...Bb7 10.e5 $1 {White will be very happy to open up the game for his better mobilized pieces.} 10...d5 $1 {Forced as the preliminary trade of the bishops will allow} ( 10...Bxf3 11.Qxf3 d5 12.Nxd5 $1 exd5 13.Qxd5 Ra7 14.e6 $1 {with powerful attack.} ) 11.Bg4 {Diagram [#] A powerful novelty that might put the whole line into the archive! Karthikeyan will sacrifice the bishop on the most vulnerable square in Black's camp- the e6 one. No matter what Black plays!} ( {The timid} 11.Re1 Be7 12.Bf4 Nf8 13.Bg3 Ng6 14.Bg4 Nc6 {allowed Black a chance to regroup nicely in Moroz,A (2410)-Agrest,E (2485) Katowice 1992} ) 11...Nxe5 ( {Equally bad is} 11...Nc6 12.Bxe6 $1 fxe6 13.Nxe6 Qc8 14.Nxd5 {when Black should not survive.} ) 12.Bxe6 $1 {Following the opening concept and Morphy's advice: "When better in development, open files!"} 12...Bc5 {Nikitenko did not dare to accept the sacrifice.} ( {Indeed, after} 12...fxe6 {White has a pleasant choice of attacking continuations} 13.f4 ( {Or} 13.Qh5+ Ng6 14.Nxe6 Qh4 15.Qf5 Qf6 16.Qh3 Kf7 17.Re1 ) 13...Ng6 14.Nxe6 Qc8 15.f5 {in both cases with a super powerful attack. The knight on e6 is a monster which prevents the black king from castling on either side.} ) 13.Bxd5 $1 {Murali insists on sacrificing the bishop!} ( {Basically, there was no need of this as} 13.Re1 O-O 14.Bh3 {is already slightly better for White, but the move in the game is more enterprising. And strong!} ) 13...Bxd5 14.Nf5 Be6 {The bishop hopes to block the e file.} ( 14...Bb7 15.Nxg7+ Ke7 16.Qh5 {is also great for White.} ) 15.Nxg7+ Ke7 16.Qh5 {The point of Murali's play. In return for his piece he has two pawns, two open files for the rooks and plenty of diagonals for his pieces.} 16...f6 ( {Or} 16...Nbc6 17.Ne4 f6 18.Nxe6 Kxe6 19.Nxc5+ bxc5 20.f4 {when the central files are wide opened.} ) 17.Rd1 Nbd7 18.Nf5+ $1 {Well calculated. The king is dragged out.} ( {Also good is} 18.Nxe6 Kxe6 {with the remarkable idea} 19.b4 Bxb4 20.f4 Bxc3 21.Ba3 Bxa1 22.f5# ) 18...Bxf5 19.Nd5+ Kd6 ( {There is no way back as} 19...Kf8 20.Bh6+ Kg8 21.Qxf5 {threatens quick mate after Qf5-e6.} ) 20.Qxf5 {A very cool move. Black is helpless.} 20...Kc6 21.b4 Bd6 22.Qe4 $1 {Loads the gun on the long diagonal.} 22...f5 23.Ne7+ Kc7 24.Nxf5 Be7 25.Bf4 {The triumph of Murali's grand attacking strategy. Mihail loses plenty of material on the pins.} 25...Bf6 26.Rd6 Re8 27.Rad1 Ra7 28.Rxd7+ {A great attacking game in the spirit of Morphy and Anderssen. "When in lead of the development, open files!"} ( 28.Rxd7+ Qxd7 29.Rxd7+ Kxd7 30.Qd5+ Kc8 31.Nd6+ ) 1-0

[Event "6th London Chess Classic"]
[Site "London"]
[Date "2014.12.11"]
[Round "2"]
[White "Giri, Anish"]
[Black "Adams, Michael"]
[Result "1-0"]
[WhiteElo "2768"]
[BlackElo "2745"]
[EventDate "2014.??.??"]
[Annotator "Bojkov,Dejan"]
[PlyCount "93"]
[Beauty "7218900511752"]
[EventCountry "ENG"]

{[Annotations by GM Dejan Bojkov]} 
1.d4 Nf6 2.c4 e6 3.g3 d5 4.Bg2 Bb4+ 5.Nd2 ( 5.Bd2 {is the more conventional choice but Anish prepared something interesting for the game.} ) 5...O-O 6.Nf3 dxc4 7.Qc2 {A tricky opening line.} ( {Caruana had tested the castling twice. His game with Gelfand saw} 7.O-O b5 8.a4 c6 9.b3 c3 10.Nb1 Bb7 11.Qc2 bxa4 12.Rxa4 c5 13.Nxc3 a5 {with approximately equal chances, Caruana,F (2697)-Gelfand,B (2739) Amsterdam 2010} ) 7...c5 {Anish thought that Mickey was not too familiar with the line. According to my Megabase, this is the third main move.} ( {The main move is} 7...Nc6 {One recent game saw} 8.Qxc4 Qd5 9.O-O Bxd2 10.Qxd5 exd5 11.Bxd2 Re8 12.e3 Bf5 13.Rfc1 Be4 {and Black held the ballance in Belov,V (2625) -Tomashevsky,E (2708) Irkutsk 2010} ) ( {The idea of White's early queen sortie is revealed in the line} 7...b5 8.a4 $1 c6 ( 8...bxa4 9.O-O {is very nice for White who enjoys clear play against the black weak pawns.} ) 9.axb5 cxb5 $2 ( {Black can avaoid the immediate disater but his position will not be enviable after} 9...Qd5 10.b6 Ba6 11.bxa7 Bxd2+ 12.Bxd2 Rxa7 13.O-O {Roiz,M (2579)-Gaprindashvili,V (2415) Warsaw 2005} ) 10.Ng5 {White wins at least the exchange as} 10...Nd5 11.Qxh7# {does not look great for the second player... Giri revealed that a lot of grandmasters have fallen for this idea only to realize in the process the Nf3-g5! resource.} ) 8.dxc5 c3 {It is useful to break the opponent's pawn chain whenever possible.} 9.bxc3 Bxc5 10.O-O Qc7 ( {More natural seems to be the development of the knight} 10...Nc6 {This was played three times by Sergey Tiviakov. Giri mentioned the idea} 11.Ng5 ( {Rather than} 11.Ne4 Be7 12.Rd1 Qa5 13.Nd4 Nxd4 14.cxd4 Bd7 15.Nxf6+ Bxf6 16.Bxb7 Rab8 17.Be4 Ba4 18.Qd2 Qd8 19.Ba3 Re8 20.Bc2 Bxc2 21.Qxc2 Bxd4 {1/2 (21) Riazantsev,A (2621)-Tiviakov,S (2663) Sochi 2007} ) 11...h6 12.Nde4 Nxe4 13.Nxe4 Be7 14.Rd1 Qc7 {although the impression is that Black should be able to gradually equalize. If he did not already.} ) 11.Ne4 {A logical novelty. White clears the road for his pieces.} ( {The only previous game saw the interesting pawn sacrifice} 11.Nc4 $5 {which Tiviakov decided not to accept:} 11...Nbd7 ( 11...Bxf2+ 12.Rxf2 Qxc4 13.Ba3 Re8 14.Ng5 {would lead to sharp, lively play instead.} ) 12.Qb3 e5 13.a4 Rb8 14.Bg5 Re8 15.a5 Bf8 16.Na3 a6 17.Nc4 b5 18.axb6 Nxb6 19.Nxb6 Rxb6 {Kaidanov,G (2540) -Tiviakov,S (2520) Torcy 1991} ) 11...Nxe4 12.Qxe4 Nd7 13.Bf4 {White's lead in the development gives him the advantage.} 13...Bd6 14.Bxd6 Qxd6 15.Rfd1 Qc7 ( 15...Qc5 {can be answered} 16.Rab1 {when the pawn on c3 is untouchable} ( 16.Qb4 {is not bad either.} ) 16...Qxc3 17.Rbc1 Qa5 18.Rxc8 Raxc8 19.Rxd7 ) 16.Qb4 {Black's main problem is his bishop on c8. If it can come out and reach c6, everything will be fine. But since the white bishop dominates on the long diagonal and the half-open b-file is in White's hands, this is not easy to achieve. That is what Catalan is all about!} 16...Nf6 ( 16...Nc5 17.Nd4 Bd7 18.Nb3 Nxb3 19.axb3 Bc6 20.Qc5 {is a line given by Giri where he believed he wins a pawn. If we go a bit deeper} 20...Qb6 21.Qxb6 axb6 22.Rxa8 Rxa8 23.Bxc6 bxc6 24.Rd6 Rc8 25.f4 {we see that the rook endgame is very unpleasant for Black. The active rook makes the big difference. Still, in hindsight this was probably Black's best chance.} ) 17.Nd4 {Opens the g2-monster and threatens Nd4-b5-d6.} 17...a6 18.Nb3 a5 $6 {An important moment. Adams lures the queen to c5 in order to win a tempo with b7-b6 move and free the bishop. That appears a bit slow though.} ( {Giri was afraid of the typical pawn sacrifice} 18...Nd5 $5 19.Bxd5 exd5 20.Rxd5 Be6 21.Rc5 Qe7 ( 21...Qd7 $5 ) 22.Nd4 Bh3 {For the pawn Black has some play on the light squares and a good bishop. Still, White should be better.} ) 19.Qc5 Qb8 ( {Black loses a pawn in the endgame:} 19...Qxc5 20.Nxc5 Rb8 21.Rab1 b6 22.Rd6 b5 23.a4 b4 24.cxb4 axb4 25.Rd4 ) 20.Rab1 {This increases the pressure along the b file. Mickey will have to sacrifice a pawn to free his position sooner or later. However, Anish missed some counterplay by his opponent.} ( 20.Rd6 $5 {not to allow b7-b6 was also good, for example} 20...Nd7 21.Qa3 Ne5 22.Nd2 Qc7 23.Rb1 {and White dominates.} ) 20...b6 21.Qd6 Nd5 $1 {Or else Black is completely paralized.} ( 21...Qxd6 22.Rxd6 Ra6 ( 22...Rb8 23.Nxa5 ) 23.Nd4 e5 24.Nb5 ) 22.Qxb8 Rxb8 23.Bxd5 exd5 24.Nxa5 {Capturing the more important pawn.} ( 24.Rxd5 Be6 25.Rd2 Rfc8 26.Rc1 b5 27.Nxa5 b4 28.c4 Ra8 29.Nb3 Rxc4 30.Rxc4 Bxc4 {gives excellent drawing chances to Black.} ) 24...Bf5 $1 {Initially missed by Giri when he played Ra1-b1.} 25.Nc6 Bxb1 26.Nxb8 Bxa2 27.Nd7 Re8 28.Nxb6 Rxe2 {Mickey can be happy with his defense so far. He managed to trade a lot of pawns and activate his pieces. Anish tries his best chance} 29.c4 $1 ( {The rook endgame after} 29.Nxd5 Bxd5 30.Rxd5 g6 {should be a draw with precise defense. The most dangerous passer on the queenside in these situations is a pawn on the b-file.} ) 29...Kf8 30.Rxd5 $1 {Giri admitted at the press conference that the position should be objectively a draw "of course" and started producing devilish tricks.} ( {Black holds after} 30.cxd5 Ke7 ( 30...Rb2 31.d6 Ke8 32.d7+ Kd8 33.Rd6 Rc2 {followed by Ba2-e6 and Rc2-c7 is equal as well.} ) 31.d6+ Kd8 32.Rc1 Be6 33.d7 ( 33.Ra1 Ba2 $1 ) 33...Bxd7 34.Rd1 Re7 ) 30...Bb1 ( {The move in the game intended to meet the natural} 30...Re6 {with the nice regrouping} 31.Rb5 $1 Rc6 32.Nd5 {threatening a back-rank mate.} 32...Rc8 33.Rb4 g6 ( {One more trick is seen after} 33...Bxc4 $2 34.Nb6 ) ( 33...Rxc4 34.Rb8+ Rc8 35.Rxc8# ) 34.Ne3 {The pawn is well defended and more importantly, the black bishop is out of the game for very long time, if not for ever.} ) 31.Rd8+ $1 {One more important intermediate check. Anish did not want to allow the bishop a chance to seize the long diagonal.} ( 31.Kf1 Rb2 32.c5 Be4 {and Black will have plenty of counterplay.} ) 31...Ke7 32.Rd1 Bc2 $6 ( {Now} 32...Be4 33.Kf1 Rb2 34.Nc8+ {looks awkward for Black. In the arising time trouble Adams did not dare to go for this line and this was probably a mistake. After} ( 34.Re1 Rxb6 35.Rxe4+ Kd6 {is very close to a draw} ) 34...Kf6 35.Rc1 Ra2 36.c5 Bc6 {Black should be able to hold.} ) 33.Nc8+ {One more nasty intermediate check.} 33...Kf6 ( {White's idea is revealed by the line} 33...Ke8 34.Rd4 Re1+ 35.Kg2 Be4+ $2 36.Rxe4+ Rxe4 37.Nd6+ ) 34.Rd6+ Kg5 ( {The central sqaure is not advisible due to the tricky knight again} 34...Ke5 $2 35.Kf1 Re4 36.f4+ Kf5 37.Rd2 {with the dual threat of a knight fork and the bishop.} ) 35.Kf1 Re8 36.Rd5+ ( 36.Nb6 $5 ) 36...Kf6 37.Nd6 Ra8 38.Ke2 {Giri has made a lot of progress. He centralized his pieces, activated his king and deprived the black pieces from their best squares. It is somewhat unusual to see the bishop dominated by the knight on such an empty board.} 38...Ra1 {A blunder in time trouble.} ( {Both king moves were preferable:} 38...Ke6 39.Nb5 Ke7 ) ( {or} 38...Ke7 39.Ke3 {but in either case it is not certain if Black can survive.} ) 39.Ne8+ $1 {White wins a second pawn and the game.} 39...Kg6 ( 39...Ke7 40.Nxg7 ) 40.Rd6+ f6 41.Rd7 Kh6 42.Nxg7 Ra2 43.Ke3 Ra5 ( {Anish also mentioned the last chance for Black} 43...Ra3+ 44.Kf4 Rc3 {but here too White wins after} 45.Rc7 Bd3 46.Ne6 Rxc4+ ( 46...Bxc4 47.Nf8 ) 47.Rxc4 Bxc4 48.Kf5 ) 44.Re7 Rc5 45.Kd4 Re5 46.Rxe5 fxe5+ 47.Kc3 {A fine win by Giri who used the little details to turn a small advantage into a win!} 1-0